| 000 | 00534nam a2200217 a 4500 | ||
|---|---|---|---|
| 999 |
_c4279 _d4279 |
||
| 001 | 4279 | ||
| 003 | BD-JhCC | ||
| 005 | 20171125193223.0 | ||
| 008 | 171125s19611966p a|||| || | 000 0 eng d | ||
| 035 | _a(BD-JhCC)4279 | ||
| 040 |
_aBD-JhCC _dBD-JhCC |
||
| 041 | _aeng | ||
| 082 |
_a920 _bDRI 1966 |
||
| 100 | _aDrinkwater, John | ||
| 245 |
_aAbraham Lincoln / _cJohn Drinkwater, |
||
| 260 |
_aKarachi : _bOxford University Press, _c1966 |
||
| 300 |
_a69 p. : _c18 cm. |
||
| 650 | _aBiography | ||
| 942 |
_2ddc _cBK |
||